| 000 | 00541nam a2200181 a 4500 | ||
|---|---|---|---|
| 005 | 20140310183255.0 | ||
| 008 | 041027s19uu xx 00 eng d | ||
| 020 | _a9780199105663 | ||
| 050 |
_aPR 3095 _b.L36 1999 |
||
| 100 | _aLangley, Andrew | ||
| 245 |
_aShakespeare's theatre / _cAndrew Langley. |
||
| 260 |
_aMalaysia : _bOxford Press, _c1999. |
||
| 300 |
_a48 p. : _bill. col. ; _c28 cm. |
||
| 521 | _aMC | ||
| 650 |
_aShakespeare, William, 1564-166- _xStage history _xJuvenile literature. |
||
| 942 |
_cBK _2lcc _kFOR |
||
| 999 |
_c20850 _d20850 |
||